01666cam a22004334i 4500003000900000005001700009008004100026035002000067040003300087049000900120082002000129100002700149245003100176264004000207300003800247336002100285337002500306338002300331505034100354526001000695526001000705526001000715526001000725526000800735526000800743526000800751526000800759526000800767526000800775526000800783650001400791650001600805942001400821994001400835596000600849999015400855980005501009952016801064PE-LiUPU20250731172930.0 s1971 xxu gr 000 0 eng d a(Sirsi) a204387 aPE-LiUPUbspacPE-LiUPUerda aPRUA04a230.01bK312211 aKevan, Ernest,eautor.10aMoral law /cErnest Kevan. 1aNew Jersey :bPrentice-hall,c1971. a76 páginas ;c20 centímetros. atext2rdacontent aunmediated2rdamedia avolume2rdacarrier2 aThe perfection of the law -- How the law is to be used -- The Good works of the believer -- The law and the righteous man -- The law written in the heart -- Human ability -- The moral law and its relation to believers -- The law as a covenant -- The opposition between the law and the gospel -- Christ as the end of the law -- Epilogue. aSEG42 aSEG41 aSEG40 aSEG39 aP94 aP87 aP86 aP85 aP77 aP76 aP3504aLey Moral04aLeyxCristo 2ddccBOOK aC0bPEPRU a1 a230.01 K31wLCc20749i76257f2021-11-9g4lCCODEBUL1mBULp5.00r0sYtBOOKu2017-6-15xTEOLOGIAPP850COMPRAo.STAFF. Colección Teologíad20749 81gALBERTO SANCHEZ Responsable de Automatización r2025-12-03 00:00:00i5l0o230.01 K31p76257te1v10.00w2017-06-15xPGyBKzinventario-2023-12-13102ddc50708GENfP85aBULbBULcGENd2017-06-15eCOMPRAg5.00